000
00209nam a22000977a 4500
999
_c
67186
_d
67183
082
_a
621.4021MOR
100
_a
Moran,M.J
245
_a
Fundamentals Of Engineering Thermodynamics
300
_a
1004p
942
_c
BK